[Event "GER-chT U12"]
[Site "Muenchen"]
[Date "2022.12.29"]
[Round "5"]
[White "Krishnan, Vihaan"]
[Black "Jung, Niklas"]
[Result "1/2-1/2"]
[WhiteElo "1519"]
[BlackElo "1426"]
[PlyCount "56"]
[EventDate "2022.12.26"]
[EventType "team-swiss"]
[EventRounds "7"]
[EventCountry "GER"]
[SourceTitle "CBM 212 Extra"]
[Source "ChessBase"]
[SourceDate "2023.03.31"]
[SourceVersion "1"]
[SourceVersionDate "2023.03.31"]
[SourceQuality "1"]
[WhiteTeam "Kirchheim/Teck"]
[BlackTeam "Untergrombach"]
[WhiteTeamCountry "GER"]
[BlackTeamCountry "GER"]

1. e4 e5 2. Nf3 Nc6 3. Bc4 Bc5 4. c3 Nf6 5. d3 d6 6. Bb3 h6 7. Nbd2 Be6 8. Bc2 Ne7 9. Nf1 Ng6 10. Ng3 c6 11. a3 a5 12. d4 exd4 13. cxd4 Ba7 14. 0-0 0-0 15. h3 Bc4 16. Re1 Re8 17. Nf5 Be6 18. g4 Bxf5 19. gxf5 Ne7 20. Kh1 Kh8 21. Be3 Neg8 22. e5 dxe5 23. Nxe5 Rf8 24. Bb3 Nd5 25. Qh5 Qc7 26. Bxd5 cxd5 27. Ng4 Bb8 28. f6 Nxf6 1/2-1/2

[Event "Bad Soden U10 op"]
[Site "Bad Soden"]
[Date "2019.10.05"]
[Round "5"]
[White "Jung, Niklas"]
[Black "Jumah, Shayan"]
[Result "1-0"]
[WhiteElo "1203"]
[BlackElo "1249"]
[PlyCount "95"]
[EventDate "2019.10.03"]
[EventType "swiss"]
[EventRounds "9"]
[EventCountry "GER"]
[SourceTitle "CBM 192 Extra"]
[Source "Chessbase"]
[SourceDate "2019.11.06"]
[SourceVersion "1"]
[SourceVersionDate "2019.11.06"]
[SourceQuality "1"]

1. e4 e6 2. d4 d5 3. exd5 exd5 4. Nf3 c5 5. dxc5 Bxc5 6. Nc3 Nf6 7. Be2 0-0 8. 0-0 Bd6 9. Bg5 Be7 10. Rb1 Re8 11. Re1 Nbd7 12. Bb5 a6 13. Bxd7 Bxd7 14. Bxf6 Bxf6 15. Rxe8+ Qxe8 16. Nxd5 Qe6 17. Nc7 Qxa2 18. Nxa8 Bxb2 19. Nb6 Be8 20. h3 Bf6 21. Qe1 Kf8 22. Rd1 Qxc2 23. Qd2 Qc6 24. Qd6+ Qxd6 25. Rxd6 Be7 26. Nd7+ Kg8 27. Rd2 Bb4 28. Rb2 a5 29. Nde5 b5 30. Nd4 Bc3 31. Re2 f6 32. Nef3 Bg6 33. Nxb5 Bb4 34. Nfd4 a4 35. Ra2 Be8 36. Rxa4 Bc5 37. Ra8 Kf7 38. Rc8 Bb6 39. Nd6+ Ke7 40. N4f5+ Kd7 41. Rxe8 Bc5 42. Re7+ Kc6 43. Rxg7 Bxd6 44. Nxd6 Kxd6 45. Rxh7 Ke6 46. Rg7 Ke5 47. h4 f5 48. h5 1-0

[Event "Bad Soden U10 op"]
[Site "Bad Soden"]
[Date "2019.10.04"]
[Round "4"]
[White "Gossen, Michael"]
[Black "Jung, Niklas"]
[Result "0-1"]
[WhiteElo "1066"]
[BlackElo "1203"]
[PlyCount "60"]
[EventDate "2019.10.03"]
[EventType "swiss"]
[EventRounds "9"]
[EventCountry "GER"]
[SourceTitle "CBM 192 Extra"]
[Source "Chessbase"]
[SourceDate "2019.11.06"]
[SourceVersion "1"]
[SourceVersionDate "2019.11.06"]
[SourceQuality "1"]

1. e4 e5 2. Nf3 Nc6 3. d4 exd4 4. Bc4 Bc5 5. c3 dxc3 6. Bxf7+ Kxf7 7. Qd5+ Ke8 8. Qxc5 d6 9. Qxc3 Nf6 10. Bg5 h6 11. Bh4 Be6 12. 0-0 Kd7 13. Rd1 Kc8 14. e5 g5 15. exf6 gxh4 16. Nxh4 Rf8 17. Qe3 Qxf6 18. Nc3 Bd7 19. Nf3 b6 20. Qe4 Kb7 21. Rac1 Rae8 22. Qa4 Ne5 23. Qe4+ Bc6 24. Nd5 Nxf3+ 25. Qxf3 Qxb2 26. Qd3 Rxf2 27. Qg3 Ree2 28. Nf4 Rxg2+ 29. Nxg2 Rxg2+ 30. Qxg2 Qxg2# 0-1